书目信息 |
| 题名: |
高等数学
|
|
| 作者: | 朱永银 , 肖业胜 主编 ;湖北省 组编 | |
| 分册: | 下册 | |
| 出版信息: | 武汉 武汉大学出版社 2006.07 |
|
| 页数: | 207页 | |
| 开本: | 21cm | |
| 丛书名: | 21世纪高职高专系列教材 | |
| 单 册: | ||
| 中图分类: | O13 | |
| 科图分类: | ||
| 主题词: | 高等数学--gao deng shu xue--高等学校--教材 | |
| 电子资源: | ||
| ISBN: | 7-307-05068-4 | |
| 000 | 01147nam 2200289 450 | |
| 001 | 012007970109 | |
| 005 | 20071010104213.54 | |
| 010 | @a7-307-05068-4@dCNY12.00 | |
| 100 | @a20070605d2006 km y0chiy0120 ea | |
| 101 | 0 | @achi |
| 102 | @aCN@b420000 | |
| 105 | @aa a 000yy | |
| 200 | 1 | @a高等数学@Agao deng shu xue@h下册@f朱永银, 肖业胜主编@Fzhu yong yin,xiao ye sheng zhu bian@g湖北省教育厅组编@Ghu bei sheng jiao yu ting zu bian |
| 205 | @a第2版 | |
| 210 | @a武汉@c武汉大学出版社@d2006.07 | |
| 215 | @a207页@c图@d21cm | |
| 225 | 2 | @a21世纪高职高专系列教材@A21 shi ji gao zhi gao zhuan xi lie jiao cai@i数学类 |
| 320 | @a有书目。 | |
| 330 | @a本书系统地介绍了向量代数与空间解析几何、多元函数的微分学、积分学、无穷级数以及数学建模相关知识。本书是在第一版使用过三年的基础上,经作者精心修订再版而成的。 | |
| 410 | 0 | @12001 @a21世纪高职高专系列教材@i数学类 |
| 606 | 0 | @a高等数学@Agao deng shu xue@x高等学校@j教材 |
| 690 | @aO13@v4 | |
| 701 | 0 | @a朱永银@Azhu yong yin@4主编 |
| 701 | 0 | @a肖业胜@Axiao ye sheng@4主编 |
| 712 | 02 | @a湖北省@Ahu bei sheng jiao yu ting zu@b教育厅@4组编 |
| 801 | 0 | @aCN@c20071010 |
| 905 | @dO13@eZ898:2 | |
| 高等数学.下册/朱永银, 肖业胜主编/湖北省教育厅组编.-第2版.-武汉:武汉大学出版社,2006.07 |
| 207页:图;21cm.-(21世纪高职高专系列教材.数学类) |
| ISBN 7-307-05068-4:CNY12.00 |
| 本书系统地介绍了向量代数与空间解析几何、多元函数的微分学、积分学、无穷级数以及数学建模相关知识。本书是在第一版使用过三年的基础上,经作者精心修订再版而成的。 |
| ● |
| 相关链接 |
|
|
|
正题名:高等数学
索取号:O13/Z898:2
 
预约/预借
| 序号 | 登录号 | 条形码 | 馆藏地/架位号 | 状态 | 备注 |
| 1 | 243308 | 202433081 | 自科库401/401自科库 108排2列2层/ [索取号:O13/Z898:2] | 在馆 | |
| 2 | 243309 | 202433090 | 自科库401/401自科库 108排2列2层/ [索取号:O13/Z898:2] | 在馆 | |
| 3 | 243310 | 202433107 | 自科库401/401自科库 108排2列2层/ [索取号:O13/Z898:2] | 在馆 |